Curso de derecho internacional público
Gardado en:
| Autor Principal: | |
|---|---|
| Formato: | Libro |
| Idioma: | Lingua castelá |
| Publicado: |
Madrid
Tecnos
1987
|
| Edición: | 2a. ed |
| Subjects: | |
| Tags: |
Engadir etiqueta
Sen Etiquetas, Sexa o primeiro en etiquetar este rexistro!
|
MARC
| LEADER | 00000nam a2200000 a 4500 | ||
|---|---|---|---|
| 001 | UCV1242 | ||
| 003 | CL-VaPUC | ||
| 008 | 900316e19870000SP |||||||||||||||||spa|d | ||
| 082 | 0 | 4 | |a 341.02 |b PAS |2 21 |
| 100 | |a Pastor Ridruejo, José Antonio |e autor |9 576571 | ||
| 245 | 1 | 0 | |a Curso de derecho internacional público |
| 250 | |a 2a. ed | ||
| 300 | |a 661 p | ||
| 942 | |c BK | ||
| 945 | |d 19900316 00:00:00 | ||
| 260 | |a Madrid |b Tecnos |c 1987 | ||
| 650 | 7 | |a DERECHO INTERNACIONAL PUBLICO |2 CL-VaPUC |9 295462 | |
| 650 | 7 | |a FUENTES |2 CL-VaPUC |9 255666 | |
| 583 | |a last modification |c 19900316 00:00:00 |k Rodrigo Vera | ||
| 999 | |c 209236 |d 209234 | ||
| 952 | |0 0 |1 0 |4 0 |6 341_020000000000000_PAS_1987 |7 0 |8 A |9 184548 |a BIBDER |b BIBDER |d 2019-11-14 |i 251852K |o 341.02 PAS 1987 |p 251852K |r 2023-01-25 |w 2019-11-14 |y BK |k DER | ||